| 000 | 00518nam a2200145Ia 4500 | ||
|---|---|---|---|
| 008 | 100204s9999 xx 000 0 und d | ||
| 082 | _b11135 | ||
| 100 | _aराजपुत रघुवीर सिंह | ||
| 245 | _aमहाराणी पद्मिनी | ||
| 260 |
_b"साकेत प्रकाशन , औरंगाबाद" _c1988 |
||
| 300 | _a154 | ||
| 630 | _aमहाराणी पद्मिनी | ||
| 730 | _aमहाराणी पद्मिनी | ||
| 942 | _cBOOK | ||
| 999 |
_c455571 _d455568 |
||